Central Library OPAC University of Rajshahi

A catalog of the Yucatán collection on microfilm in the University of Alabama libraries / (Record no. 749)

MARC details
000 -LEADER
fixed length control field 00949cam a2200265 4500
001 - CONTROL NUMBER
control field 749
003 - CONTROL NUMBER IDENTIFIER
rucl marc code BD-RjUL
005 - DATE AND TIME OF LATEST TRANSACTION
control field 20211208233226.0
008 - FIXED-LENGTH DATA ELEMENTS--GENERAL INFORMATION
fixed length control field 161127s1972 alu bc 000 0 eng
020 ## - INTERNATIONAL STANDARD BOOK NUMBER
International Standard Book Number 0817395121
035 ## - SYSTEM CONTROL NUMBER
System control number (BD-RjUL)769
040 ## - CATALOGING SOURCE
Original cataloging agency DLC
Transcribing agency DLC
Modifying agency DLC
-- BD-RjUL
Language of cataloging eng
041 ## - LANGUAGE CODE
Language code of text/sound track or separate title eng
082 00 - DEWEY DECIMAL CLASSIFICATION NUMBER
Classification number 016.917265
Edition number 23
Author mark and year BIC 1972
100 ## - MAIN ENTRY--PERSONAL NAME
Personal name Bingham, Marie Ballew
9 (RLIN) 167356
245 12 - TITLE STATEMENT
Title A catalog of the Yucatán collection on microfilm in the University of Alabama libraries /
Statement of responsibility, etc. Prepared by Marie Ballew Bingham ; With an introduction by W. Stanley Hoole.
260 ## - PUBLICATION, DISTRIBUTION, ETC. (IMPRINT)
Place of publication, distribution, etc. Alabama :
Name of publisher, distributor, etc. University of Alabama Press,
Date of publication, distribution, etc. c1972.
300 ## - PHYSICAL DESCRIPTION
Pagination [10], 100 p. ;
Size 27 cm.
650 ## - SUBJECT ADDED ENTRY--TOPICAL TERM
Topical term or geographic name as entry element Microfilms
General subdivision Catalogs.
9 (RLIN) 167357
651 #0 - SUBJECT ADDED ENTRY--GEOGRAPHIC NAME
Geographic name Yucatán (Mexico : State)
General subdivision Bibliography
-- Catalogs.
9 (RLIN) 2232
700 ## - ADDED ENTRY--PERSONAL NAME
Personal name Hoole, W. Stanley, Introducer
710 ## - ADDED ENTRY--CORPORATE NAME
Corporate name or jurisdiction name as entry element University of Alabama Libraries.
9 (RLIN) 167359
942 ## - ADDED ENTRY ELEMENTS (KOHA)
Source of classification or shelving scheme Dewey Decimal Classification
Koha item type Reference
Holdings
Lost status Source of classification or shelving scheme Damaged status Not for loan Collection code Permanent Location Current Location Shelving location Date acquired Source of acquisition Total Checkouts Full call number Date last seen Copy number Koha item type
  Dewey Decimal Classification   Not For Loan Reference Central Library, University of Rajshahi Central Library, University of Rajshahi   01/03/1986 Asia Foundation, Dhaka   R 016.917265 BIC 1972 23/11/2013 C-1 Reference